| Tag |
First Indicator |
Second Indicator |
Subfields |
| LEADER |
00000cas a2200000I 4500 |
| 001 |
in00002193021 |
| 005 |
20151104082610.0 |
| 008 |
801027d19431945nyumr p 0 a0eng d |
| 035 |
|
|
|a (OCoLC)ocm06870163
|
| 040 |
|
|
|a NYG
|c NYG
|d OCL
|d UtOrBLW
|
| 049 |
|
|
|a TXAM
|
| 090 |
|
|
|a TL501
|b .A8187
|
| 092 |
|
|
|a 629.1305
|b qA957
|
| 245 |
0 |
0 |
|a Aviation maintenance.
|
| 264 |
|
1 |
|a New York :
|b Conover-Mast Corp.
|
| 300 |
|
|
|a 4 volumes :
|b illustrations ;
|c 29 cm.
|
| 336 |
|
|
|a text
|b txt
|2 rdacontent
|
| 337 |
|
|
|a unmediated
|b n
|2 rdamedia
|
| 338 |
|
|
|a volume
|b nc
|2 rdacarrier
|
| 362 |
0 |
|
|a v. 1-4; Dec. 1943-Dec. 1945.
|
| 650 |
|
0 |
|a Aeronautics
|v Periodicals.
|
| 650 |
|
0 |
|a Airplanes
|x Maintenance and repair
|v Periodicals.
|
| 785 |
0 |
0 |
|t Aviation maintenance & operations
|w (OCoLC)6971812
|
| 936 |
|
|
|a Nov. 1945
|
| 994 |
|
|
|a C0
|b TXA
|
| 999 |
|
|
|a MARS
|
| 999 |
f |
f |
|s 83e0671f-b4fc-35cb-860d-6b9fbf8c20ba
|i b3613670-f16f-3b00-adbb-ced7ffe41106
|t 0
|
| 952 |
f |
f |
|p ric
|a Texas A&M University
|b Rellis Campus
|c Joint Library Facility
|d Remote Storage
|t 0
|e TL501 .A8187
|h Library of Congress classification
|i unmediated -- volume
|k v.1
|l 1943:Dec./1944:May
|m A14834902184
|
| 952 |
f |
f |
|p ric
|a Texas A&M University
|b Rellis Campus
|c Joint Library Facility
|d Remote Storage
|t 0
|e TL501 .A8187
|h Library of Congress classification
|i unmediated -- volume
|k v.4
|l 1945:June/Nov.
|m A14834902061
|
| 952 |
f |
f |
|p ric
|a Texas A&M University
|b Rellis Campus
|c Joint Library Facility
|d Remote Storage
|t 0
|e TL501 .A8187
|h Library of Congress classification
|i unmediated -- volume
|k v.3
|l 1944:Dec./1945:May
|m A14834902100
|
| 952 |
f |
f |
|p ric
|a Texas A&M University
|b Rellis Campus
|c Joint Library Facility
|d Remote Storage
|t 0
|e TL501 .A8187
|h Library of Congress classification
|i unmediated -- volume
|k v.2
|l 1944:June-Nov.
|m A14834902142
|
| 998 |
f |
f |
|a TL501 .A8187
|s v.1-4 (1943:Dec.-1945:Dec.)
|t 0
|l Remote Storage
|